Host Cities of ICC(Cricket) World Cup - Statistics

General Stats
  • This quiz has been taken 55 times
  • The average score is 47 of 96
Answer Stats
Year Country Answer % Correct
1975, 1979, 1983, 1999, 2019 UK London
100%
1975, 1979 , 1983, 1999, 2019 UK Manchester
96%
1992, 2015 New Zealand Auckland
89%
1987, 1996, 2011 India Delhi
89%
1992, 2015 Australia Melbourne
89%
1987, 1996, 2011 India Mumbai
89%
1975, 1979, 1983, 1999, 2019 UK Birmingham
87%
1992, 2015 Australia Perth
87%
1992, 2015 Australia Sydney
87%
1992, 2015 New Zealand Wellington
85%
1992, 2015 Australia Canberra
83%
1987, 1996, 2011 India Kolkata
83%
1987, 1996 Pakistan Lahore
83%
1992, 2015 Australia Adelaide
80%
1987, 1996 Pakistan Karachi
80%
1975, 1979, 1983, 1999, 2019 UK Leeds
80%
1992, 2015 Australia Brisbane
78%
1999, 2019 UK Cardiff
78%
1987, 1996, 2011 India Chennai
78%
2003 South Africa Johannesburg
78%
1975, 1979, 1983, 1999, 2019 UK Nottingham
78%
1987, 1996, 2011 India Ahmedabad
76%
1996, 2011 Sri Lanka Colombo
76%
1983, 1999, 2019 UK Southampton
76%
1987, 1996, 2011 India Bangalore
74%
2003 South Africa Cape Town
74%
1992, 2015 New Zealand Christchurch
74%
1999 Ireland Dublin
72%
2003 South Africa Durban
67%
1992, 2015 Australia Hobart
67%
2011 Bangladesh Dhaka
65%
1987, 1996 India Hyderabad
65%
1987, 1996 Pakistan Hyderabad
65%
1987, 1996 India Pune
65%
1983, 1999, 2019 UK Bristol
63%
2003 Zimbabwe Harare
57%
1987, 1996 India Jaipur
54%
2007 Jamaica Kingston
54%
1987, 1996 Pakistan Rawalpindi
54%
1996 Sri Lanka Kandy
52%
1987, 1996, 2011 India Nagpur
52%
2011 Bangladesh Chittagong
50%
1999 UK Edinburgh
50%
2003 South Africa Port Elizabeth
50%
1999, 2019 UK Chester-Le-Street
48%
1992, 2015 New Zealand Hamilton
48%
1987, 1996 India Kanpur
46%
1983, 1999 UK Leicester
46%
1999 UK Northampton
46%
1996, 2011 India Mohali
43%
2003 Kenya Nairobi
43%
1992, 2015 New Zealand Napier
43%
1983, 1999, 2019 UK Taunton
43%
2007 Barbados Bridgetown
41%
1987, 1996 Pakistan Faisalabad
41%
1987 India Indore
39%
1987, 1996 Pakistan Peshawar
39%
2003 South Africa Bloemfontein
37%
1983, 1999 UK Derby
37%
2007 Trinidad and Tobago Port of Spain
37%
1983, 1999 UK Worcester
37%
2003 South Africa Centurion
35%
1987 India Chandigarh
33%
2007 Grenada St George's
33%
1983 UK Swansea
33%
1996 India Visakhapatnam
33%
1983, 1999 UK Chelmsford
30%
1987, 1996 India Cuttack
30%
2007 St Kitts and Nevis Basseterre
28%
1999 UK Canterbury
28%
2015 New Zealand Nelson
28%
1996 India Patna
28%
1999 Netherlands Amstelveen
24%
2003 Zimbabwe Bulawayo
24%
2003 South Africa East London
24%
2011 Sri Lanka Hambantota
24%
1999 UK Hove
24%
1987, 1996 Pakistan Gujranwala
22%
1992 Australia Mackay
22%
2003 South Africa Paarl
22%
2011 Sri Lanka Pallekelle
22%
1996 India Vadodara
22%
1992 Australia Albury
20%
1983 UK Royal Tunbridge Wells
20%
1992 Australia Ballarat
17%
1992 Australia Berri
17%
1996 India Gwalior
17%
1992 New Zealand New Plymouth
15%
2003 South Africa Pietermaritzburg
15%
2003 South Africa Kimberley
13%
2003 South Africa Potchefstroom
13%
2003 South Africa Benoni
11%
1992, 2015 New Zealand Duniden
11%
2007 St Lucia Gros Islet
9%
2007 Antigua and Barbuda North Sound
7%
2007 Guyana Providence
4%
No matching quizzes found
Score Distribution
Percent of People with Each Score
Percentile by Number Answered
Your Score History
You have not taken this quiz